AK’s General Knowledge A-Z #59 - Statistics

General Stats
  • This quiz has been taken 369 times
  • The average score is 17 of 26
Answer Stats
Hint Answer % Correct
P – not absent, not the past Present
94%
O – first name of talk show host Winfrey Oprah
93%
T – a square in Manhattan, or what, according to Bob Dylan, are a-changin’ Times
92%
N – country named after the third-longest river in Africa Niger
90%
I – significance, or to bring something in from a foreign country Import
89%
D – to determine a disease; its anagram is San Diego Diagnose
88%
S – singing voice with the highest vocal range, or a TV mobster Soprano
86%
L – the Eiffel Tower’s French nickname "La dame de fer" means "Iron ____" Lady
83%
M – is “dinero” in Spanish, or the thing Jerry Maguire was supposed to show Money
83%
J – tennis legend Billie ____ King Jean
82%
E – first name of Thompson whose roles include Elinor Dashwood, Nanny McPhee, and Professor Sybil Trelawney, or a Jane Austen book Emma
78%
U – country where Salto is the 2nd largest city Uruguay
76%
W – first name of Buffett, American investor and world's eighth-wealthiest person Warren
76%
Y – peninsula in south-eastern Mexico, including portions of Belize and Guatemala Yucatán
74%
F – what you can’t see for the trees Forest
69%
G – unit prefix denoting a factor of 1,000,000,000 Giga
68%
Z – the last human city on Earth in The Matrix, or synonym for Jerusalem (Mount ____) Zion
66%
H – a moon of Saturn, named after the mythical girl whom Paris seduced and carried off to Troy with dire consequences Helene
65%
B – one of Weezer’s first hits (named after an American singer who fatally chose an airplane over a tour bus in 1959) Buddy Holly
54%
A – capital of Turkmenistan, largely rebuilt since the 1948 earthquake Ashgabat
41%
C – island where British Overseas Territory Akrotiri and Dhekelia is located (never mind which continent) Cyprus
37%
K – another name for jack who is 11 and black or red Knave
37%
V – author of Latin epic poem The Aeneid Virgil
35%
Q – acronym for a framework for building real-time embedded applications or for a McDonald’s hamburger QP
23%
R – Donald Duck writer and illustrator Don Rosa
5%
X – a liquid hydrocarbon used as a solvent; many markers are nowadays 100% ______ free Xylene
5%
No matching quizzes found
Score Distribution
Percent of People with Each Score
Percentile by Number Answered
Your Score History
You have not taken this quiz